[Event "ALG-ch"]
[Site "Ain Tagoura"]
[Date "2020.02.08"]
[Round "8"]
[White "Charef Khodja, Ayoub"]
[Black "Djafrii, Youcef"]
[Result "1/2-1/2"]
[WhiteElo "1693"]
[BlackElo "1488"]
[PlyCount "76"]
[EventDate "2020.02.04"]
[EventType "swiss"]
[EventRounds "9"]
[EventCountry "ALG"]
[SourceTitle "CBM 194 Extra"]
[Source "ChessBase"]
[SourceDate "2020.03.31"]
[SourceVersion "1"]
[SourceVersionDate "2020.03.31"]
[SourceQuality "1"]

1. d4 d5 2. Bf4 Nf6 3. e3 e6 4. Nf3 Bd6 5. Bg3 Bxg3 6. hxg3 Qd6 7. c3 Nc6 8. Nbd2 e5 9. dxe5 Nxe5 10. Nxe5 Qxe5 11. Nf3 Qe7 12. Bd3 Be6 13. Nd4 0-0-0 14. Qa4 Kb8 15. Nb5 Qc5 16. b4 Qb6 17. Qc2 Ne4 18. Nd4 h6 19. a4 Bd7 20. a5 Qf6 21. b5 Rhe8 22. b6 c5 23. bxa7+ Ka8 24. Nf3 Qxc3+ 25. Qxc3 Nxc3 26. Rc1 c4 27. Rxc3 cxd3 28. Rxd3 Bb5 29. Rd4 Kxa7 30. Rh5 Bc6 31. Nh4 Ka6 32. Rf5 Rd7 33. Nf3 Ree7 34. Ne5 Rc7 35. Nxc6 bxc6 36. Kd2 Kxa5 37. Kc3 Kb5 38. Rf3 Ra7 1/2-1/2

[Event "ALG-ch"]
[Site "Ain Tagoura"]
[Date "2020.02.07"]
[Round "6"]
[White "Charef Khodja, Ayoub"]
[Black "Deboosere, Adam Moussa"]
[Result "1-0"]
[WhiteElo "1693"]
[BlackElo "1727"]
[PlyCount "55"]
[EventDate "2020.02.04"]
[EventType "swiss"]
[EventRounds "9"]
[EventCountry "ALG"]
[SourceTitle "CBM 194 Extra"]
[Source "ChessBase"]
[SourceDate "2020.03.31"]
[SourceVersion "1"]
[SourceVersionDate "2020.03.31"]
[SourceQuality "1"]

1. d4 Nf6 2. Bf4 e6 3. e3 c5 4. c3 d5 5. Nf3 Nc6 6. Nbd2 Bd6 7. Bg3 0-0 8. Bd3 c4 9. Bb1 b5 10. Ne5 Bxe5 11. dxe5 Nd7 12. f4 b4 13. Qh5 h6 14. 0-0 bxc3 15. bxc3 Qb6 16. Bf2 Qb2 17. Nxc4 dxc4 18. Be4 Qb6 19. Qf3 Ndb8 20. Rfd1 Bb7 21. Rab1 Qc7 22. Rd6 Rc8 23. g4 g6 24. Bh4 a5 25. Bf6 Ra7 26. Qh3 Kh7 27. g5 h5 28. Qxh5+ 1-0

[Event "ALG-ch U20"]
[Site "Tiaret"]
[Date "2019.06.29"]
[Round "9"]
[White "Adjerit, Noureddine"]
[Black "Charef Khodja, Ayoub"]
[Result "1-0"]
[WhiteElo "1891"]
[BlackElo "1527"]
[PlyCount "63"]
[EventDate "2019.06.26"]
[EventType "swiss"]
[EventRounds "9"]
[EventCountry "ALG"]
[SourceTitle "EXT 2020"]
[Source "ChessBase"]
[SourceDate "2019.10.17"]
[SourceVersion "1"]
[SourceVersionDate "2019.10.17"]
[SourceQuality "1"]

1. d4 Nf6 2. Bf4 e6 3. e3 d6 4. Bd3 Be7 5. Nd2 Nbd7 6. Bg3 b6 7. c4 Bb7 8. e4 c5 9. d5 0-0 10. Nh3 Ne8 11. 0-0 Bf6 12. Rb1 Ne5 13. Bc2 b5 14. b3 exd5 15. exd5 Bc8 16. cxb5 Bxh3 17. Qh5 g6 18. Qxh3 Nc7 19. Ne4 Bg7 20. a4 Nxd5 21. Rbd1 f5 22. Rxd5 fxe4 23. Qe6+ Kh8 24. Rxd6 Qf6 25. Qxf6 Bxf6 26. Rxf6 Rxf6 27. Bxe5 Kg7 28. Bxe4 Re8 29. Bxf6+ Kxf6 30. Bf3 Rd8 31. Rd1 Re8 32. Kf1 1-0

[Event "ALG-ch U20"]
[Site "Tiaret"]
[Date "2019.06.28"]
[Round "7"]
[White "Benrekia, Yacine"]
[Black "Charef Khodja, Ayoub"]
[Result "1/2-1/2"]
[WhiteElo "1685"]
[BlackElo "1527"]
[PlyCount "108"]
[EventDate "2019.06.26"]
[EventType "swiss"]
[EventRounds "9"]
[EventCountry "ALG"]
[SourceTitle "EXT 2020"]
[Source "ChessBase"]
[SourceDate "2019.10.17"]
[SourceVersion "1"]
[SourceVersionDate "2019.10.17"]
[SourceQuality "1"]

1. d4 Nf6 2. Nf3 e6 3. c4 b6 4. g3 Bb7 5. Bg2 Be7 6. 0-0 0-0 7. Nc3 d5 8. Ne5 Nbd7 9. Bf4 Nxe5 10. dxe5 Ne4 11. Nxe4 dxe4 12. Qc2 c5 13. Bxe4 Bxe4 14. Qxe4 Qc7 15. Bd2 a6 16. Bc3 b5 17. b3 b4 18. Bb2 a5 19. f4 g6 20. g4 Rad8 21. Rad1 a4 22. Rd3 a3 23. Bc1 Rd7 24. Be3 Rfd8 25. Rfd1 Bf8 26. f5 Rxd3 27. Rxd3 Rxd3 28. exd3 exf5 29. gxf5 Qd7 30. e6 Qe7 31. exf7+ Qxf7 32. fxg6 hxg6 33. Kg2 Qf6 34. d4 Bg7 35. Qd5+ Kh7 36. Qxc5 Qe6 37. Kf2 Qh3 38. Qd5 Qxh2+ 39. Qg2 Qh4+ 40. Qg3 Qe4 41. Qf3 Qc2+ 42. Qe2 Qb2 43. d5 Qf6+ 44. Kg2 Qb2 45. Kf2 Qf6+ 46. Qf3 Qb2+ 47. Kg3 Qxa2 48. d6 Be5+ 49. Kg4 Qb1 50. Qf7+ Bg7 51. d7 Qd1+ 52. Kg3 a2 53. Qd5 a1Q 54. d8Q Be5+ 1/2-1/2

[Event "ALG-ch U20"]
[Site "Tiaret"]
[Date "2019.06.28"]
[Round "5"]
[White "Charef Khodja, Ayoub"]
[Black "Idir, Omar"]
[Result "1-0"]
[WhiteElo "1527"]
[BlackElo "1585"]
[PlyCount "93"]
[EventDate "2019.06.26"]
[EventType "swiss"]
[EventRounds "9"]
[EventCountry "ALG"]
[SourceTitle "EXT 2020"]
[Source "ChessBase"]
[SourceDate "2019.10.17"]
[SourceVersion "1"]
[SourceVersionDate "2019.10.17"]
[SourceQuality "1"]

1. e4 e5 2. Nf3 Nc6 3. Bc4 Bc5 4. 0-0 Nf6 5. d4 exd4 6. e5 Ng4 7. Bf4 d6 8. exd6 Bxd6 9. Re1+ Be7 10. Bb5 0-0 11. Bxc6 bxc6 12. h3 Nf6 13. Qxd4 Nd5 14. Nc3 Nxf4 15. Qxf4 Bd6 16. Qd2 Bf5 17. Ne4 Be7 18. Qf4 Bxe4 19. Qxe4 Bf6 20. Rad1 Qc8 21. Qxc6 Rd8 22. Rd5 Rxd5 23. Qxd5 Qd8 24. Qxd8+ Rxd8 25. c3 Kf8 26. Re2 Rd1+ 27. Kh2 Rd5 28. g3 Be7 29. Nd4 Bd6 30. Kg2 a5 31. a4 Bc5 32. Nb3 Bb6 33. g4 h5 34. Re4 hxg4 35. hxg4 Rd1 36. Re2 Rd5 37. Rd2 Re5 38. Kf3 Ke7 39. Re2 Kf6 40. Rxe5 Kxe5 41. Nd2 Kd5 42. b3 c5 43. Kf4 Bc7+ 44. Kf5 Be5 45. c4+ Kd6 46. Ne4+ Kd7 47. Kxe5 1-0

[Event "ALG-ch U20"]
[Site "Tiaret"]
[Date "2019.06.27"]
[Round "2"]
[White "Assem, Abderezzak"]
[Black "Charef Khodja, Ayoub"]
[Result "1-0"]
[WhiteElo "1754"]
[BlackElo "1527"]
[PlyCount "59"]
[EventDate "2019.06.26"]
[EventType "swiss"]
[EventRounds "9"]
[EventCountry "ALG"]
[SourceTitle "EXT 2020"]
[Source "ChessBase"]
[SourceDate "2019.10.17"]
[SourceVersion "1"]
[SourceVersionDate "2019.10.17"]
[SourceQuality "1"]

1. d4 Nf6 2. c4 g6 3. Nf3 d5 4. Nc3 Bg7 5. cxd5 Nxd5 6. g3 0-0 7. Bg2 c5 8. 0-0 Nc6 9. Nxd5 Qxd5 10. Be3 Qh5 11. dxc5 Bxb2 12. Rb1 Ba3 13. Nh4 a6 14. Qc2 a5 15. Rfd1 e5 16. Bf3 Bg4 17. Qa4 Bxf3 18. Nxf3 Bb4 19. a3 e4 20. Nh4 Bxc5 21. Rb5 b6 22. Bxc5 bxc5 23. Qxe4 Nd4 24. Rxd4 cxd4 25. Rxh5 gxh5 26. Nf5 Rad8 27. Qe5 f6 28. Qe6+ Kh8 29. Qe7 Rg8 30. Qxf6+ 1-0

[Event "Arab-ch U14 op"]
[Site "Hammamet"]
[Date "2018.10.29"]
[Round "2.9"]
[White "Charef Khodja, Ayoub"]
[Black "Gabsi, Amine"]
[Result "1-0"]
[WhiteElo "1402"]
[BlackElo "1232"]
[PlyCount "49"]
[EventDate "2018.10.28"]
[EventType "swiss"]
[EventRounds "9"]
[EventCountry "TUN"]
[SourceTitle "EXT 2024"]
[Source "ChessBase"]
[SourceDate "2023.10.10"]
[SourceVersion "1"]
[SourceVersionDate "2023.10.10"]
[SourceQuality "1"]

1. e4 e5 2. Nf3 Nc6 3. Bc4 Bc5 4. 0-0 d6 5. c3 Bg4 6. d4 exd4 7. Bxf7+ Kxf7 8. Ng5+ Ke7 9. Qxg4 Qd7 10. Qd1 Nf6 11. b4 Bb6 12. b5 Ne5 13. cxd4 Ng6 14. a4 a6 15. a5 axb5 16. Ba3 Rxa5 17. e5 Ne8 18. Nc3 c6 19. exd6+ Nxd6 20. Nce4 Rxa3 21. Rxa3 Nxe4 22. Nxe4 Qxd4 23. Rd3 Qe5 24. Re1 Qf5 25. Ng3+ 1-0